|
|
|
|
| LEADER |
00000nam0a2200000 4500 |
| 001 |
289478 |
| 005 |
20231102000206.0 |
| 020 |
|
|
|a RU
|b 80-7275ж
|
| 035 |
|
|
|a (RuTPU)RU\TPU\book\313984
|
| 090 |
|
|
|a 289478
|
| 100 |
|
|
|a 19950720d1979 k y0rusy5003 ca
|
| 101 |
0 |
|
|a rus
|
| 102 |
|
|
|a RU
|
| 105 |
|
|
|a a z 001zy
|
| 200 |
1 |
|
|a Электропривод и комплектные устройства управления электроприводами
|e [сборник статей]
|f Всесоюзный научно-исследовательский, проектно-конструкторский и технологический институт релестроения (ВНИИР) ; отв. ред. А. Д. Поздеев
|
| 210 |
|
|
|a Чебоксары
|c Изд-во ВНИИР
|d 1979
|
| 215 |
|
|
|a 125 с.
|c ил.
|d 20 см.
|
| 225 |
1 |
|
|a Труды ВНИИР (Всесоюзного научно-исследовательского, проектно-конструкторского и технологического института релестроения)
|v Вып. 10
|
| 606 |
1 |
|
|a Электроприводы
|x Автоматическое управление
|2 stltpush
|3 (RuTPU)RU\TPU\subj\20692
|9 45778
|
| 610 |
1 |
|
|a автономные электроприводы
|
| 610 |
1 |
|
|a металлорежущие станки
|
| 610 |
1 |
|
|a выпрямители
|
| 610 |
1 |
|
|a диаграммы
|
| 610 |
1 |
|
|a электромагнитные соотношения
|
| 610 |
1 |
|
|a тиристоры
|
| 610 |
1 |
|
|a стабилизаторы
|
| 610 |
1 |
|
|a программирование
|
| 610 |
1 |
|
|a программное управление
|
| 675 |
|
|
|a 62-83-52
|z rus
|v 3
|
| 702 |
|
1 |
|a Поздеев
|b А. Д.
|4 340
|
| 712 |
0 |
2 |
|a Всесоюзный научно-исследовательский, проектно-конструкторский и технологический институт релестроения (ВНИИР)
|c (Чебоксары)
|c (1969-1991)
|2 stltpush
|3 (RuTPU)RU\TPU\col\20691
|
| 801 |
|
1 |
|a RU
|b 63413507
|c 20150401
|
| 801 |
|
2 |
|a RU
|b 63413507
|c 20170511
|g RCR
|
| 942 |
|
|
|c BK
|